00886cam a2200265Ii 4500008004100000040001600041100003500057245005300092246003800145250002000183264004300203300004500246336002600291337002800317338002700345490003800372500002000410504004100430650003500471650003000506650002000536650004600556003000100602005001700603  aNUST cNUST1 aWalker, Janet,d1957-eauthor.10aSocial work & human development /cJanet Walker.3 aSocial work and human development aFourth edition. 1aLondon :bSAGE/Learning Matters,c2014 axix, 190 pages :billustrations ;c26 cm atextbtxt2rdacontent aunmediatedbn2rdamedia avolumebnc2rdacarrier1 aTransforming social work practice aIncludes index. aIncludes bibliographical references. 0aSocial servicezGreat Britain. 0aDevelopmental psychology. 0aHuman behavior. 0aSocial interactionxPsychological aspects20230120144508.0